Swami Vivekananda: (Record no. 150932)

MARC details
000 -LEADER
fixed length control field 00769nam a22002177a 4500
005 - DATE AND TIME OF LATEST TRANSACTION
control field 20180410152337.0
010 ## - LCCN (DPL NO)
LC control number B-690888-889
020 ## - INTERNATIONAL STANDARD BOOK NUMBER
International Standard Book Number 9789384401108
Terms of availability 160.00
035 ## - SYSTEM CONTROL NUMBER
System control number B-690888-889
037 ## - SOURCE OF ACQUISITION
Stock number DPL
Source of stock number/acquisition Pancy
082 ## - DEWEY DECIMAL CLASSIFICATION NUMBER
Classification number 921
245 ## - TITLE STATEMENT
Title Swami Vivekananda:
Remainder of title a biography /
Statement of responsibility, etc Edited by Kaushal K. Goyal
260 ## - PUBLICATION, DISTRIBUTION, ETC. (IMPRINT)
Place of publication, distribution, etc New Delhi
Name of publisher, distributor, etc Pigeon Books India
Date of publication, distribution, etc 2015
270 ## - ADDRESS
Address 16, Ansari Road,Daryaganj,
City New Delhi
Postal code 110002
300 ## - PHYSICAL DESCRIPTION
Extent 164p.
Other physical details 20cmpbk)
Dimensions ill.
490 ## - SERIES STATEMENT
Series statement Pigeon Biography Series
500 ## - GENERAL NOTE
General note Balidani
700 ## - ADDED ENTRY--PERSONAL NAME
Personal name Goyal, Kaushal K.
942 ## - ADDED ENTRY ELEMENTS (KOHA)
Source of classification or shelving scheme Dewey Decimal Classification
Item type English Books
Classification part 921
Call number suffix SWA
Holdings
Withdrawn status Lost status Not for loan Collection code Home library Current library Date acquired Source of acquisition Cost, normal purchase price Full call number Barcode Copy number Cost, replacement price Koha item type Public note
      Non-fiction Central Library Central Library 10/04/2018 Pansy 1721/05.03.2018/795/19.02.2018/12.03.2018 160.00 921 SWA B-690888 1 160.00 English Books Balidani
      Non-fiction Sarojini Nagar Sarojini Nagar 10/04/2018 Pansy 1721/05.03.2018/795/19.02.2018/12.03.2018 160.00 921 SWA B-690889 1 160.00 English Books Balidani

© Delhi Public Library
Hit Counter
free hit counter